Wybierz kluby Glika - nagła śmierć - Statystyki

Ogólne statystyki
  • Ten quiz został rozwiązany 130 razy
  • Średni wynik to 6 z 8
Answers on the Grid
Answers color-coded by a green-red scale on the quiz's grid according to % correct below.
 
Statystyki odpowiedzi
Odpowiedź % Poprawnych
92%
89%
85%
82%
63%
61%
55%
46%
Nie znaleziono quizów pasujących do podanych kryteriów
Rozkład punktacji
Procent ludzi z każdym wynikiem
Percentyl według liczby udzielonych odpowiedzi
Twoja historia wyników
Nie rozwiązałeś tego quizu